01482nam a2200361 a 4500001001100000003000800011006001900019007001500038008004100053010001700094015001500111016001900126020001500145020003500160040002100195035002000216050002500236082001600261100002200277245015100299260003700450300001800487504004900505533015200554650006700706650007400773650003800847650004500885655002900930710001700959856012500976999001901101ebr2004502CaPaEBRm u cr cn|||||||||001218s2000 enk sb 001 0 eng  z 00035263  aGB99-V62227 a03337649512Uk z0333764951 z0312227809(U.S. (St. Martins)) aCaPaEBRcCaPaEBR a(OCoLC)4985164214aKJC6245b.W55 2000eb04a341.7622211 aWilliams, Paul R.10aInternational law and the resolution of Central and East European transboundary environmental disputesh[electronic resource] /cPaul R. Williams. aBasingstoke :bMacmillan,c2000. axxiii, 345 p. aIncludes bibliographic references and index. aElectronic reproduction.bPalo Alto, Calif. :cebrary,d2013.nAvailable via World Wide Web.nAccess may be limited to ebrary affiliated libraries. 0aTransboundary pollutionxLaw and legislationzEurope, Eastern. 0aTransboundary pollutionxLaw and legislationzEurope, EasternvCases. 0aEnvironmental law, International. 0aEnvironmental law, InternationalvCases. 7aElectronic books.2local2 aebrary, Inc.40uhttp://site.ebrary.com/lib/rucke/Doc?id=2004502zAn electronic book accessible through the World Wide Web; click to view c225981d225981